Science Quiz

Random Science Quiz
Score 0/100 Timer 15:00
0 Plays Today
% Correct
Amoxicillin
60.3%
Azithromycin
59.1%
Warfarin
57.6%
Ciprofloxacin
55.8%
Penicillin VK
55.3%
Montelukast
54.3%
Levothyroxine
52.9%
Amoxicillin + Clavulanate
52.1%
Zolpidem
51.9%
Cephalexin
51.2%
Atorvastatin
50.6%
Oxycodone
50.5%
Sildenafil
50.4%
Celecoxib
49.9%
Insulin Glargine
49.5%
Metformin
49.3%
Gabapentin
48.9%
Tramadol
48.6%
Potassium Chloride
48.5%
Furosemide
47.8%
Alpralozam
47.6%
Fluconazole
46.3%
Conjugated Estrogen
46.1%
Naproxen
45.9%
Sertraline
45.9%
APAP + Codeine
45.6%
Quetiapine
45.6%
Ethinyl Estradiol + Drospirenone
45.5%
Clopidogrel
45.2%
Diazepam
45%
Ibuprofen
45%
Omeprazole
44.9%
Clonazepam
44.7%
Rosuvastatin
44.2%
% Correct
Albuterol
43.9%
APAP + Hydrocodone
43.5%
APAP+ Oxycodone
42.5%
Methylphenidate
42.4%
Esomeprazole
42.3%
Albuterol
42.1%
Meloxicam
42.1%
Albuterol
41.5%
Levofloxacin
41.2%
Valacyclovir
41.2%
Simvastatin
40.9%
Amlodipine
40.3%
Cyclo-benzaprine
40.3%
Pravastatin
40.3%
Ranitidine
40%
Cefdinir
40%
Duloxetine
39.9%
Fluticasone
39.4%
Fluoxetine
38.4%
Lorazepam
38%
Fluticasone + Salmeterol
37.9%
Venlafexine
37.9%
Folic Acid
37.8%
Metoprolol
37.7%
Paroxetine
37.7%
Fexofenadine
37.2%
Pregabalin
37.2%
Escitalopram
36.2%
Atenolol
35.9%
Tamsulosin
35.9%
Citalopram
35.8%
Lisinopril
35.4%
Promethazine
35.2%
Carvedilol
34.9%
% Correct
Sulfamethoxazole + Trimethoprim
34.8%
Alendronate
34.8%
Oseltamavir
34.6%
Hydro-chlorothiazide
33.8%
Methyl-prednisolone
33.7%
Spironolactone
32.1%
Pioglitazone
31.2%
Losartan
30.7%
Carisoprolol
30.4%
APAP + Propoxyphene
30.2%
Isosorbide Mononitrate
30%
Doxycycline
29.8%
Digoxin
29.7%
Lansoprazole
29.5%
Ezetimibe
29.3%
Valsartan
29%
Amitriptyline
26.8%
Fenofibrate
26.5%
Ezetimibe + Simvastatin
25.7%
Temazepam
25.7%
Lovastatin
22.7%
Clonidine
22.4%
Prednisone
22.3%
Trazodone
21.7%
Ramipril
21%
Mometasone
20.1%
Allupurinol
19.8%
Glyburide
19.8%
Glimepiride
19.3%
Enalapril
19.2%
Triamterene
12.6%
Triamcinolone
11.6%
Remove Ads.
Support Sporcle.
Get the best of Sporcle when you Go Orange. This ad-free experience offers more features, more stats, and more fun while also helping to support Sporcle. Thank you for becoming a member.

You're not logged in!

Compare scores with friends on all Sporcle quizzes.
OR
Log In

Show Comments

Extras

Created Nov 24, 2012SourceReportNominate
Tags:Generic Name

Top Quizzes Today


Score Distribution

Your Account Isn't Verified!

In order to create a playlist on Sporcle, you need to verify the email address you used during registration. Go to your Sporcle Settings to finish the process.

Report this User

Report this user for behavior that violates our Community Guidelines.

Details: